Normal view MARC view

Entry Personal Name

Number of records used in: 2

001 - CONTROL NUMBER

  • control field: 85243

003 - CONTROL NUMBER IDENTIFIER

  • control field: dpl

005 - DATE AND TIME OF LATEST TRANSACTION

  • control field: 20250926155329.0

008 - FIXED-LENGTH DATA ELEMENTS

  • fixed length control field: 250926|| aca||aabn | a|a d

040 ## - CATALOGING SOURCE

  • Original cataloging agency: dpl
  • Transcribing agency: dpl

100 ## - HEADING--PERSONAL NAME

  • Personal name: Sharma, Priyanka

670 ## - SOURCE DATA FOUND

  • Source citation: Work cat.: (dpl)213484: Sharma, Priyanka , NCET 2025-26 Teaching Aptitude & General Test/, 2025

© Delhi Public Library
Hit Counter
free hit counter